Liber Rationum V Cntus Sebessiensis procuratus per MVP. Vincentium Brusini p. t. Gvardianum praefati Cntus

Účtovná kniha františkánskeho kláštora v Nižnej Šebastovej. Z prednej strany knihy sú vedené príjmy, zo zadnej výdavky

Podrobná bibliografia
Médium: Rukopis Kniha
Jazyk:latinčina
Fyzický popis:296 nečíslovaných strán rukopis, viazaný 40 cm
Vydavateľské údaje: [Nižná Šebastová] 1806-1837
Predmet:

MARC

LEADER 00000ntmaa2200000 a 4500
001 vtls011569033
003 SK-MaSNL
005 20260302014737.0
008 230802i1806 xo || 000n0 lat
035 |a urn:nbn:sk:snk-tm00cjp1 
035 |a urn:nbn:sk:snk-tm3n2lf 
035 |a 808A6EF5-2D0F-4A1E-9EAF-D55BBCDA6761 
040 |a SNKLA  |b slo  |c SNKLA  |e AACR2 
041 0 |a lat 
044 |a xo  |c SK 
072 7 |a 27-78  |x Kresťanské združenia, spolky a organizácie. Rehoľné rády  |2 konspekt 
080 |a 657.32  |2 2011 
080 |a 025.171  |2 2011 
080 |a 943.76  |2 2011 
245 0 0 |a Liber Rationum V Cntus Sebessiensis procuratus per MVP. Vincentium Brusini p. t. Gvardianum praefati Cntus 
246 2 3 |a Liber Rationum Venerabilis Conventus Sebessiensis procuratus per MVP. Vincentium Brusini p. t. Gvardianum praefati Conventus 
260 |a [Nižná Šebastová]  |c 1806-1837 
300 |a 296 nečíslovaných strán  |b rukopis, viazaný  |c 40 cm 
500 |a Na chrbte knihy nalepený štítok so signatúrou 39 
500 |a Kniha písaná z oboch strán 
520 2 |a Účtovná kniha františkánskeho kláštora v Nižnej Šebastovej. Z prednej strany knihy sú vedené príjmy, zo zadnej výdavky 
555 0 |a Inventár rukopisov Archívu literatúry a umenia Matice slovenskej. Rukopisy historických knižníc na Slovensku I. Martin : Matica slovenská 1992 
610 2 7 |a Františkáni (Nižná Šebastová, Slovensko)  |b Salvatoriánska provincia  |2 SNKLA  |9 342940 
650 0 7 |a františkánske kláštory  |2 SNKPH  |9 81485 
655 7 |a účtovné knihy  |2 SNKPH  |9 341599 
655 7 |a rukopisy  |2 SNKPH  |9 70548 
700 1 0 |a Brusini, Vincent  |4 trc  |9 608049 
852 |a Slovenská národná knižnica  |b Literárny archív 
958 |a ZH 
958 |a LAVD 
999 |c 1018113  |d 1020043 
952 |a SNKLA  |b SNKLA  |c SNKLA_DEP  |y NEVYP  |7 0  |p 17A1191476  |o snkRHKS 254  |0 0  |1 0  |4 0  |d 2016-07-22  |f 1  |l 0  |r 2026-02-24 13:15:03  |w 2026-02-24